Economía : elementos de micro y macroeconomía /
Guardado en:
| Autor Principal: | |
|---|---|
| Otros Autores: | |
| Formato: | Libro |
| Publicado: |
Coombia :
Mc Graw Hill,
2001
|
| Edición: | 2a. ed. |
| Materias: | |
| Etiquetas: |
Agregar Etiqueta
Sin Etiquetas, Sea el primero en etiquetar este registro!
|
| LEADER | 01161nam a22002055a 4500 | ||
|---|---|---|---|
| 001 | CEM.cems017373 | ||
| 008 | 130507s2001##################000#0#####d | ||
| 005 | 20230630192427.0 | ||
| 245 | 1 | 0 | |a Economía : |b elementos de micro y macroeconomía / |c Víctor Alberto Beker y Francisco Mochón Morcillo |
| 250 | |a 2a. ed. | ||
| 260 | |a Coombia : |b Mc Graw Hill, |c 2001 | ||
| 300 | |a 399 p. | ||
| 505 | 0 | |a La economía y la necesidad de elegir -- Los agentes económicos -- El concepto de sistema económico -- El sistema de economía de mercado -- La evolución del pensamiento económico -- Producción y mercado -- La empresa y la producción -- Los costos de la producción -- La retribución de los factores productivos -- El mercado, los precios y la elasticidad -- La compentencia perfecta, el monopolio y el oligopolio -- Producto e ingreso nacional, sus componentes y su financiación -- | |
| 020 | |a 9562780929 | ||
| 100 | 1 | |a Beker, Víctor Alberto | |
| 700 | 1 | |a Mochón Morcillo, Francisco | |
| 082 | 0 | 4 | |a 330 |
| 653 | |a Economía | ||
| 859 | |a CEMS |b BIB. CEMS - 11 de abril |h 330 |i B398a2 |p 29525.23 |t Ej.1 | ||
| 859 | |a CEMS |b BIB. CEMS - Agricultura |h 330 |i B398a2 |p A0555.04 |t Ej.1 | ||
